Classics Up To Date (Record n. 99054)

Dettagli MARC
000 -LEADER
fixed length control field 02585njm a2200421Ia 4500
001 - CONTROL NUMBER
control field 24650
003 - CONTROL NUMBER IDENTIFIER
control field IT-RoPAU
005 - DATE AND TIME OF LATEST TRANSACTION
control field 20220918181112.0
008 - FIXED-LENGTH DATA ELEMENTS--GENERAL INFORMATION
fixed length control field 131025s9999 xx 000 0 und d
040 ## - CATALOGING SOURCE
Original cataloging agency IT-RoPAU
040 ## - CATALOGING SOURCE
Transcribing agency IT-RoPAU
999 ## - SYSTEM CONTROL NUMBERS (KOHA)
Koha Dewey Subclass [OBSOLETE] n.d.
100 ## - MAIN ENTRY--PERSONAL NAME
Personal name AA.VV.
9 (RLIN) 794
100 ## - MAIN ENTRY--PERSONAL NAME
Relator term Autore musica
9 (RLIN) 11299
100 ## - MAIN ENTRY--PERSONAL NAME
Miscellaneous information Codice autore musica SPICS: 12000
9 (RLIN) 796
245 ## - TITLE STATEMENT
Title Classics Up To Date
250 ## - EDITION STATEMENT
Edition statement 1a ed.
260 ## - PUBLICATION, DISTRIBUTION, ETC. (IMPRINT)
Place of publication, distribution, etc. ITALIA
260 ## - PUBLICATION, DISTRIBUTION, ETC. (IMPRINT)
Name of publisher, distributor, etc. POLYDOR
Date of publication, distribution, etc. 1966 [1a Ed.:1966]
300 ## - PHYSICAL DESCRIPTION
Extent DISCO
300 ## - PHYSICAL DESCRIPTION
Dimensions 34 minuti (Testo: pag.)
500 ## - GENERAL NOTE
General note Musica strumentale. Celebri brani di musica classica arrangiati da James Last
505 ## - FORMATTED CONTENTS NOTE
Formatted contents note Barcarole From "The Tales of Hoffmann" (3:00) - Prisoners' Chorus From "Nabucco" (3:00) - Hungarian Dance n 5 (3:00) - Waltz in a flat major op 39 n 15 (3:00) - March of the Toreadors From "Carmen" (3:00) - An Der Fruhling (4:00) - Habanera From "Carmen" (4:00) - Notturno (3:00) - Romeo and Juliet (3:00) - On a Persian Market (4:00) - Going Home Adagio From "The New World" (4:00) - Adagio From the Violin concerto n 1 g minor (3:00)
650 ## - SUBJECT ADDED ENTRY--TOPICAL TERM
Topical term or geographic name as entry element ARRANGIAMENTO [DISCHI]
Relator term Codice MATERIA SPICS: 9950
9 (RLIN) 11300
700 ## - ADDED ENTRY--PERSONAL NAME
Personal name Last James
Relator term Interprete
Miscellaneous information Codice interprete SPICS: 10976
9 (RLIN) 11301
700 ## - ADDED ENTRY--PERSONAL NAME
Personal name Last James
Miscellaneous information Codice autore SPICS: 10976
Relator term Autore
9 (RLIN) 9404
700 ## - ADDED ENTRY--PERSONAL NAME
Personal name Offenbach Jacques
Miscellaneous information Codice autore musica SPICS: 11045
Relator term Autore musica
Name of part/section of a work Barcarole From "The Tales of Hoffmann"
9 (RLIN) 11302
700 ## - ADDED ENTRY--PERSONAL NAME
Personal name Verdi Giuseppe
Miscellaneous information Codice autore musica SPICS: 89
Relator term Autore musica
Name of part/section of a work Prisoners' Chorus From "Nabucco"
9 (RLIN) 11303
700 ## - ADDED ENTRY--PERSONAL NAME
Personal name Brahms Johannes
Miscellaneous information Codice autore musica SPICS: 8867
Relator term Autore musica
Name of part/section of a work Hungarian Dance n 5 - Waltz in a flat major op 39 n 15
9 (RLIN) 11304
700 ## - ADDED ENTRY--PERSONAL NAME
Personal name Bizet Georges
Miscellaneous information Codice autore musica SPICS: 10724
Relator term Autore musica
Name of part/section of a work March of the Toreadors From "Carmen" - Habanera From "Carmen"
9 (RLIN) 11305
700 ## - ADDED ENTRY--PERSONAL NAME
Personal name Grieg Edward
Miscellaneous information Codice autore musica SPICS: 10671
Relator term Autore musica
Name of part/section of a work An Der Fruhling
9 (RLIN) 11306
700 ## - ADDED ENTRY--PERSONAL NAME
Personal name Borodin Alexandr Porfirievic
Miscellaneous information Codice autore musica SPICS: 10770
Relator term Autore musica
Name of part/section of a work Notturno
9 (RLIN) 11307
700 ## - ADDED ENTRY--PERSONAL NAME
Personal name Cajkovskij Petr Llijch
Miscellaneous information Codice autore musica SPICS: 10808
Relator term Autore musica
Name of part/section of a work Romeo and Juliet
9 (RLIN) 11308
700 ## - ADDED ENTRY--PERSONAL NAME
Personal name Ketelbey Albert
Miscellaneous information Codice autore musica SPICS: 8042
Relator term Autore musica
Name of part/section of a work On a Persian Market
9 (RLIN) 11309
700 ## - ADDED ENTRY--PERSONAL NAME
Personal name Dvorak Antonin
Miscellaneous information Codice autore musica SPICS: 10772
Relator term Autore musica
Name of part/section of a work Going Home Adagio From "The New World"
9 (RLIN) 11310
700 ## - ADDED ENTRY--PERSONAL NAME
Personal name Bruch Max
Miscellaneous information Codice autore musica SPICS: 14460
Relator term Autore musica
Name of part/section of a work Adagio From the Violin concerto n 1 g minor
9 (RLIN) 11311
942 ## - ADDED ENTRY ELEMENTS (KOHA)
Koha item type DISCHI
Source of classification or shelving scheme Dewey Decimal Classification
Dati di copia
Withdrawn status Lost status Damaged status Not for loan Home library Current library Date acquired Total Checkouts Full call number Date last seen Price effective from Koha item type Public note
    Buone Condizioni Not For Loan SPICS-MEDIATECA SPICS-MEDIATECA 25/10/2013   24650 25/10/2013 25/10/2013 DISCHI Progr. Ins.: 5345 / N.Vol.: 1 / Copie: 1 - Copia rara: n.d. / date import: 01.01.2014 - By Epidotti, Trombetti, Vaglietti
CREDITS: SOCIETA' SAN PAOLO Via A.Severo, 58 - ROMA (RM) & PERIODICI SAN PAOLO SRL Via Giotto, 36 MILANO & CISF Via Giotto, 36 MILANO & EDIZIONI SAN PAOLO SRL,  Piazza Soncino, 5 CINISELLO BALSAMO (MI) -- ITALY